| 000 | 00646nam a22002417a 4500 | ||
|---|---|---|---|
| 003 | LK-CoMWRAF | ||
| 005 | 20230910215758.0 | ||
| 008 | 230910b2000 |||||||| |||| 00| 0 eng d | ||
| 020 | _a9556250115 | ||
| 040 |
_aLK-CoMWRAF _dLK-CoMWRAF _eLK-CoMWRAF |
||
| 041 | _aeng | ||
| 082 |
_a306.81 _bKOD |
||
| 100 | _aKodikara, Chulani | ||
| 110 | _aZackariya, Faizun | ||
| 245 | _aMarriage | ||
| 260 |
_aColombo : _bMuslim woman's research and action forum _c2000 |
||
| 300 | _a 18 P. ; 32cm | ||
| 490 | _aLegal literacy booklet no.1 | ||
| 650 | _aMarriage | ||
| 700 |
_aSamanthi, Janaki _eills. |
||
| 700 |
_aManuji, Tania _eills. |
||
| 942 | _cBK | ||
| 999 |
_c3536 _d3536 |
||